000 00288nam a22001337a 4500
008 170424b xxu||||| |||| 00| 0 eng d
020 _a9780781722650
041 _aeng
080 _23RD
_a577
100 _a12
101 _aSHM
245 _aBIOCHEMISTRY
_cHARVEY, R.A
942 _2udc
_cBK
999 _c11674
_d11674